书目信息 |
| 题名: |
城镇转型
|
|
| 作者: | 博赛尔曼 著 ;闫晋波 , 李鸿 , 李凤禹 译 | |
| 分册: | ||
| 出版信息: | 北京 中国建筑工业出版社 2017.10 |
|
| 页数: | 316页 | |
| 开本: | 24cm | |
| 丛书名: | 国外城市规划与设计理论译丛 | |
| 单 册: | ||
| 中图分类: | TU984 | |
| 科图分类: | ||
| 主题词: | 城市规划--cheng shi gui hua--建筑设计--研究 | |
| 电子资源: | ||
| ISBN: | 978-7-112-18414-9 | |
| 000 | 01382nam 2200325 450 | |
| 001 | 0100002593 | |
| 005 | 20190305150534.02 | |
| 010 | @a978-7-112-18414-9@dCNY58.00 | |
| 100 | @a20171106d2017 em y0chiy50 ea | |
| 101 | 1 | @achi@ceng |
| 102 | @aCN@b110000 | |
| 105 | @aab a 000yy | |
| 200 | 1 | @a城镇转型@Acheng zhen zhuan xing@e解析城市设计与形态演替@f(美) 彼得·博赛尔曼著@g闫晋波, 李鸿, 李凤禹译 |
| 210 | @a北京@c中国建筑工业出版社@d2017.10 | |
| 215 | @a316页@c图, 地图@d24cm | |
| 225 | 2 | @a国外城市规划与设计理论译丛@Aguo wai cheng shi gui hua yu she ji li lun yi cong |
| 312 | @a英文题名取自封面 | |
| 320 | @a有书目 (第313-316页) | |
| 330 | @a本书中并没有包含那些称呼是设计师需要从时间中取获得的知识, 而是重点通过采用7种典型的设计方式利用不同资源来获得对城市的认识, 这7种方式包括: 比较、观察、量度、转型、定义、模型和解释。 | |
| 410 | 0 | @12001 @a国外城市规划与设计理论译丛 |
| 500 | 10 | @aUrban transformation : understanding city form and design@mChinese |
| 517 | 1 | @a解析城市设计与形态演替@Ajie xi cheng shi she ji yu xing tai yan ti |
| 606 | 0 | @a城市规划@Acheng shi gui hua@x建筑设计@x研究 |
| 690 | @aTU984@v5 | |
| 701 | 1 | @a博赛尔曼@Abo sai er man@g(Bosselmann, Peter)@4著 |
| 702 | 0 | @a闫晋波@Ayan jin bo@4译 |
| 702 | 0 | @a李鸿@Ali hong@4译 |
| 702 | 0 | @a李凤禹@Ali feng yu@4译 |
| 801 | 0 | @aCN@c20180910 |
| 905 | @a河南城建学院图书馆@dTU984@eB957 | |
| 城镇转型:解析城市设计与形态演替/(美) 彼得·博赛尔曼著/闫晋波, 李鸿, 李凤禹译.-北京:中国建筑工业出版社,2017.10 |
| 316页:图, 地图;24cm.-(国外城市规划与设计理论译丛) |
| ISBN 978-7-112-18414-9:CNY58.00 |
| 本书中并没有包含那些称呼是设计师需要从时间中取获得的知识, 而是重点通过采用7种典型的设计方式利用不同资源来获得对城市的认识, 这7种方式包括: 比较、观察、量度、转型、定义、模型和解释。 |
| ● |
| 相关链接 |
|
|
|
正题名:城镇转型
索取号:TU984/B957
 
预约/预借
| 序号 | 登录号 | 条形码 | 馆藏地/架位号 | 状态 | 备注 |
| 1 | 1305007 | 213050071 | 建筑库201/201建筑库 89排2列3层/ [索取号:TU984/B957] | 在馆 | |
| 2 | 1402068 | 214020682 | 建筑与城市规划学院资料室/201建筑库 62排5列3层/ [索取号:TU984/B957] | 在馆 | |
| 3 | 1402069 | 214020691 | 建筑库201/201建筑库 89排2列3层/ [索取号:TU984/B957] | 在馆 |